Autobiografía y educación : tradiciones, diálogos y metodologías (Record no. 171946)

MARC details
000 -CABECERA
campo de control de longitud fija 00828nab a2200253 a 4500
005 - FECHA Y HORA DE LA ÚLTIMA TRANSACCIÓN
campo de control 20230214064111.0
008 - ELEMENTOS DE LONGITUD FIJA--INFORMACIÓN GENERAL
campo de control de longitud fija 991125s1985 mx 000 0 spa u
035 ## - NÚMERO DE CONTROL DEL SISTEMA
Número de control de sistema UPN01000199845
049 ## - COLECCIÓN
Colección ART
100 1# - ASIENTO PRINCIPAL--NOMBRE PERSONAL
Nombre de persona Souza, Elizeu Clementino de
100 1# - ASIENTO PRINCIPAL--NOMBRE PERSONAL
Filiación esclementino@uol.com.br
100 1# - ASIENTO PRINCIPAL--NOMBRE PERSONAL
Nombre de persona Serrano Castañeda, José Antonio
9 (RLIN) 30005
100 1# - ASIENTO PRINCIPAL--NOMBRE PERSONAL
Filiación serrano_aj@hotmail.com
100 1# - ASIENTO PRINCIPAL--NOMBRE PERSONAL
Nombre de persona Ramos Morales, Juan Mario
100 1# - ASIENTO PRINCIPAL--NOMBRE PERSONAL
Filiación juanmarioramos@hotmail.com
222 ## - TÍTULO CLAVE
Título clave REVISTA MEXICANA DE INVESTIGACION EDUCATIVA
245 ## - MENCIÓN DE TÍTULO
Título Autobiografía y educación : tradiciones, diálogos y metodologías
300 ## - DESCRIPCIÓN FÍSICA
Extensión 683-694
362 0# - FECHAS DE PUBLICACIÓN Y/O DESIGNACIÓN SECUENCIAL
Fecha de publicación y/o designación secuencial 2014 Vol. 19, no. 62 (3)
653 0# - TERMINO DE INDIZACION - NO CONTROLADO
Término no controlado INVESTIGACION AUTOBIOGRAFICA
653 0# - TERMINO DE INDIZACION - NO CONTROLADO
Término no controlado AUTOBIOGRAFIA
856 4# - LOCALIZACIÓN Y ACCESO ELECTRÓNICOS
Identificador Uniforme del Recurso <a href="http://www.redalyc.org/pdf/140/14031461002.pdf">http://www.redalyc.org/pdf/140/14031461002.pdf</a>
905 ## - TIPO DE MATERIAL
Tipo de material Articulo

No items available.